ბათუმის შოთა რუსთაველის სახელმწიფო უნივერსიტეტის ბიბლიოთეკა

Oxford Handbook of Palliative Care / (ბიბ.ჩანაწერი № 61659)

000 -LEADER
fixed length control field 00805nam a22002177a 4500
005 - DATE AND TIME OF LATEST TRANSACTION
control field 20240411122527.0
008 - FIXED-LENGTH DATA ELEMENTS--GENERAL INFORMATION
fixed length control field 240411s2005 enk||||| |||| 00| 0 eng d
020 ## - INTERNATIONAL STANDARD BOOK NUMBER
International Standard Book Number 9780198508977x
041 ## - LANGUAGE CODE
Language code of text/sound track or separate title eng
080 ## - UNIVERSAL DECIMAL CLASSIFICATION NUMBER
Universal Decimal Classification number 616.08-039.75 O-97
245 ## - TITLE STATEMENT
Title Oxford Handbook of Palliative Care /
Statement of responsibility, etc. Max Watson, Caroline Lucas, Andrew Hoy, Ian Back.
264 ## - PRODUCTION, PUBLICATION, DISTRIBUTION, MANUFACTURE, AND COPYRIGHT NOTICE
Place of production, publication, distribution, manufacture ‎Oxford :
Name of producer, publisher, distributor, manufacturer Oxford University Press,
Date of production, publication, distribution, manufacture, or copyright notice 2005.
300 ## - PHYSICAL DESCRIPTION
Extent 820 p.;
Other physical details 19 cm.
653 ## - INDEX TERM--UNCONTROLLED
keyword პალიატიური მზრუნველობა
653 ## - INDEX TERM--UNCONTROLLED
keyword მედიცინა
700 ## - ADDED ENTRY--PERSONAL NAME
Personal name Watson, Max
Relator term ავტორი
9 (RLIN) 21764
700 ## - ADDED ENTRY--PERSONAL NAME
Personal name Lucas, Caroline
Relator term ავტორი
9 (RLIN) 21765
700 ## - ADDED ENTRY--PERSONAL NAME
Personal name Hoy, Andrew
Relator term ავტორი
9 (RLIN) 21766
700 ## - ADDED ENTRY--PERSONAL NAME
Personal name Back, Ian
Relator term ავტორი
9 (RLIN) 21767
942 ## - ADDED ENTRY ELEMENTS (KOHA)
Source of classification or shelving scheme
Koha item type წიგნი
ეგზემპლარები
Withdrawn status Lost status Source of classification or shelving scheme Damaged status Not for loan Permanent Location Current Location Shelving location Date acquired Cost, normal purchase price Full call number Barcode Date last seen Copy number Price effective from Koha item type Public note
          ბათუმის შოთა რუსთაველის სახელმწიფო უნივერსიტეტის მთავარი ბიბლიოთეკა ბათუმის შოთა რუსთაველის სახელმწიფო უნივერსიტეტის მთავარი ბიბლიოთეკა წიგნსაცავი 2024-04-11 79.20 616.08-039.75 O-97 67805 2024-04-11 67805 2024-04-11 წიგნი 79 ლ. 20 თ.
          ბათუმის შოთა რუსთაველის სახელმწიფო უნივერსიტეტის მთავარი ბიბლიოთეკა ბათუმის შოთა რუსთაველის სახელმწიფო უნივერსიტეტის მთავარი ბიბლიოთეკა წიგნსაცავი 2024-04-11 93.40 616.08-039.75 O-97 67804 2024-04-11 67804 2024-04-11 წიგნი 93 ლ. 40 თ.